<?xml version='1.0' encoding='UTF-8'?>
  <record xmlns="http://www.loc.gov/MARC21/slim">
    <leader>00000cam a22000001  4500</leader>
    <controlfield tag="001">ocm14801368</controlfield>
    <controlfield tag="003">OCoLC</controlfield>
    <controlfield tag="005">20240210061653.1</controlfield>
    <controlfield tag="008">820626s1893    gw            000 0 ger  </controlfield>
    <datafield tag="040" ind1=" " ind2=" ">
      <subfield code="a">NLM</subfield>
      <subfield code="b">eng</subfield>
      <subfield code="c">NLM</subfield>
      <subfield code="d">OCLCQ</subfield>
      <subfield code="d">NLM</subfield>
      <subfield code="d">OCLCO</subfield>
      <subfield code="d">OCLCL</subfield>
    </datafield>
    <datafield tag="016" ind1="7" ind2=" ">
      <subfield code="a">62331210R</subfield>
      <subfield code="2">DNLM</subfield>
    </datafield>
    <datafield tag="029" ind1="0" ind2=" ">
      <subfield code="a">NLM</subfield>
      <subfield code="b">62331210R</subfield>
    </datafield>
    <datafield tag="029" ind1="1" ind2=" ">
      <subfield code="a">NLGGC</subfield>
      <subfield code="b">184632803</subfield>
    </datafield>
    <datafield tag="035" ind1=" " ind2=" ">
      <subfield code="a">(OCoLC)14801368</subfield>
    </datafield>
    <datafield tag="060" ind1="0" ind2="0">
      <subfield code="a">SF</subfield>
      <subfield code="b">L983d 1893</subfield>
    </datafield>
    <datafield tag="100" ind1="1" ind2=" ">
      <subfield code="a">Lydtin, August,</subfield>
      <subfield code="d">1834-</subfield>
    </datafield>
    <datafield tag="245" ind1="1" ind2="0">
      <subfield code="a">Denkschrift über die Maul- und Klauenseuche und ihre Bekämpfung,</subfield>
      <subfield code="b">nebst einer Zusammenstellung der bezüglichen veterinär-polizeilichen Bestimmungen im Deutschen Reich nach dem Stand vom 1. Januar 1893.</subfield>
      <subfield code="c">Im Auftrage des Deutschen Veterinärraths gefertigt von Lydtin und Beisswänger.</subfield>
    </datafield>
    <datafield tag="260" ind1=" " ind2=" ">
      <subfield code="a">Berlin,</subfield>
      <subfield code="b">Schoetz,</subfield>
      <subfield code="c">1893.</subfield>
    </datafield>
    <datafield tag="300" ind1=" " ind2=" ">
      <subfield code="a">235 pages</subfield>
    </datafield>
    <datafield tag="336" ind1=" " ind2=" ">
      <subfield code="a">text</subfield>
      <subfield code="b">txt</subfield>
      <subfield code="2">rdacontent</subfield>
    </datafield>
    <datafield tag="337" ind1=" " ind2=" ">
      <subfield code="a">unmediated</subfield>
      <subfield code="b">n</subfield>
      <subfield code="2">rdamedia</subfield>
    </datafield>
    <datafield tag="338" ind1=" " ind2=" ">
      <subfield code="a">volume</subfield>
      <subfield code="b">nc</subfield>
      <subfield code="2">rdacarrier</subfield>
    </datafield>
    <datafield tag="700" ind1="1" ind2=" ">
      <subfield code="a">Beisswänger.</subfield>
    </datafield>
    <datafield tag="710" ind1="1" ind2=" ">
      <subfield code="a">Germany.</subfield>
      <subfield code="b">Laws, statutes, etc.</subfield>
    </datafield>
    <datafield tag="758" ind1=" " ind2=" ">
      <subfield code="i">has work:</subfield>
      <subfield code="a">Denkschrift über die Maul- und Klauenseuche und ihre Bekämpfung (Text)</subfield>
      <subfield code="1">https://id.oclc.org/worldcat/entity/E39PCFrTK9VWMBfYktXHh8GCQq</subfield>
      <subfield code="4">https://id.oclc.org/worldcat/ontology/hasWork</subfield>
    </datafield>
    <datafield tag="776" ind1="0" ind2="8">
      <subfield code="i">Also issued on microfilm.</subfield>
      <subfield code="d">[Bethesda, Md.] : National Library of Medicine, 1993.</subfield>
      <subfield code="h">1 microfilm reel : negative ; 35 mm.</subfield>
    </datafield>
    <datafield tag="776" ind1="0" ind2="8">
      <subfield code="i">Online version:</subfield>
      <subfield code="a">Lydtin, August, 1834-</subfield>
      <subfield code="t">Denkschrift über die Maul- und Klauenseuche und ihre Bekämpfung.</subfield>
      <subfield code="d">Berlin, Schoetz, 1893</subfield>
      <subfield code="w">(OCoLC)1309973643</subfield>
    </datafield>
  </record>